Spell the Marvel Character #188 - Statistics

General Stats
  • This quiz has been taken 20 times
  • The average score is 7 of 8
Answer Stats
Picture Answer % Correct
Elektra
100%
Invisible Woman
100%
Nightcrawler
100%
Okoye
100%
Rocket Raccoon
100%
Inferno
92%
Night Thrasher
75%
Fredzilla
50%
No matching quizzes found
Score Distribution
Percent of People with Each Score
Percentile by Number Answered
Your Score History
You have not taken this quiz